Największe miasta w Polsce według powierzchni - Statystyki

Ogólne statystyki
  • Ten quiz został rozwiązany 6 146 razy
  • Średni wynik to 15 z 20
Statystyki odpowiedzi
Powierzchnia
km²
Miasto % Poprawnych
2. 517 Warszawa
100%
1. 683 Gdańsk
99%
4. 327 Kraków
98%
7. 293 Wrocław
96%
3. 391 Gdynia
94%
9. 262 Poznań
94%
5. 301 Szczecin
94%
13. 165 Katowice
93%
6. 293 Łódź
91%
18. 147 Lublin
88%
12. 176 Bydgoszcz
86%
20. 129 Rzeszów
85%
8. 275 Zielona Góra
76%
16. 149 Opole
70%
14. 160 Częstochowa
64%
19. 134 Gliwice
58%
11. 189 Dąbrowa Górnicza
29%
10. 202 Świnoujście
26%
17. 148 Rybnik
24%
15. 152 Jaworzno
12%
Nie znaleziono quizów pasujących do podanych kryteriów
Rozkład punktacji
Procent ludzi z każdym wynikiem
Percentyl według liczby udzielonych odpowiedzi
Twoja historia wyników
Nie rozwiązałeś tego quizu